000 005020000a22001810004500
003 MACL
005 20160416161615.0
008 160416b xxu||||| |||| 00| 0 eng d
040 _aMACL
_cMACL
041 _aHindi
082 _a610
100 _aदीक्षित राजेश
_940693
245 _aपरिवार चिकित्‍सा
260 _bभाषा भवन
_c1997
_aमथुरा
350 _a180
650 _aMedical Science
_952520
942 _cHIN
_k610
_2ddc
999 _c11918
_d11918